| 000 | 00000nam##2200000za#4500 |
| 001 | 9.572748 |
| 003 | CaOODSP |
| 005 | 20210624183352 |
| 007 | cr ||||||||||| |
| 008 | 150406|2008||||xxc|||||o f|0| 0 eng|d |
| 022 | |a1701-1280 |
| 040 | |aCaOODSP|beng |
| 043 | |an-cn--- |
| 086 | 1 |aFs70-4/2007-030E-PDF |
| 110 | 1 |aCanada. |bDepartment of Fisheries and Oceans. |
| 245 | 10|aProceedings of the lake sturgeon recovery planning workshop : |h[electronic resource]|b28 February to 1 March 2006, Greenwood Inn, Winnipeg, MB / |cF.N. Hnytka, meeting chairperson ; D. B. Stewart, editor. |
| 246 | 3 |aCompte rendu de l’atelier de planification du rétablissement de l’esturgeon jaune |
| 250 | |aUpdated August 2008. |
| 260 | |aWinnipeg - Manitoba : |bFisheries and Oceans Canada |cNovember 2007. |
| 300 | |a183p.|bcoloured figs., coloured illus., glossary, graphs, maps (some coloured), references, tables, photographs |
| 490 | 1 |aCanadian Science Advisory Secretariat proceedings series|x1701-1280|v2007/030 |
| 546 | |aChiefly English, with bilingual foreword and summary. |
| 590 | |a11-32-Supp|b2011-12-20 |
| 720 | 1 |aStewart, D. B. |
| 720 | 1 |aHnytka, F. N. |
| 830 | #0|aProceedings series (Canadian Science Advisory Secretariat)|x1701-1280|v2007/030|w(CaOODSP)9.506483 |
| 856 | 40|ahttp://publications.gc.ca|qPDF|s24.40 MB|uhttps://publications.gc.ca/collections/collection_2011/mpo-dfo/Fs70-4-2007-030-eng.pdf|y2007/030 |